Capital cities with more than one A in their name - Statistics

General Stats
  • This quiz has been taken 41 times
    22 since last reset
  • The average score is 40 of 66
Answer Stats
Answer % Correct
Addis Ababa
100%
Ankara
93%
Amsterdam
86%
Baghdad
86%
Brasilia
86%
Caracas
86%
Islamabad
86%
Accra
79%
Brazzaville
79%
Canberra
79%
Dakar
79%
Damascus
79%
Kathmandu
79%
Luanda
79%
Ottawa
79%
Santiago
79%
Abu Dhabi
71%
Abuja
71%
Amman
71%
Havana
71%
Rabat
71%
Warsaw
71%
Andorra la Vella
64%
Antananarivo
64%
Guatemala City
64%
Kinshasa
64%
Kuala Lumpur
64%
Panama City
64%
Paramaribo
64%
Ulaanbaatar
64%
Valletta
64%
Asmara
57%
Astana
57%
Bandar Seri Begawan
57%
Bratislava
57%
Harare
57%
Jakarta
57%
Lapaz
57%
Lusaka
57%
Manama
57%
Nassau
57%
Ouagadougou
57%
Sana
57%
Ashgabat
50%
Dhaka
50%
Managua
50%
San Salvador
50%
Sarajevo
50%
Tirana
50%
Vatican City
50%
Bamako
43%
Kampala
43%
Ljubljana
43%
Malabo
43%
Manila
43%
Mbabane
43%
Praia
43%
Sri Jayawardenepura Kotte
43%
Tarawa
43%
Honiara
36%
Naypyidaw
36%
N’Djamena
36%
San Marino
36%
Tegucigalpa
36%
Apia
29%
Nuku alofa
29%
No matching quizzes found
Score Distribution
Percent of People with Each Score
Percentile by Number Answered
Your Score History
You have not taken this quiz since the last reset